Metódy poisťovania investičných rizík členských krajín Európskej únie

Gespeichert in:
Bibliographische Detailangaben
1. Verfasser: Pinda, Ľudovít, 1958-
Format: Buchkapitel
Sprache:Slowakisch
Tags: Tag hinzufügen
Keine Tags, Fügen Sie das erste Tag hinzu!

MARC

LEADER 00000nla$a2200000$$$4500
001 0115683
005 20240502072304.9
041 0 |a slo 
044 |a SK 
245 1 0 |a Metódy poisťovania investičných rizík členských krajín Európskej únie  |c Ľudovít Pinda 
100 1 |a Pinda, Ľudovít, 1958-